000 00889cam a22002651 4500
001 17165
003 BD-RjUL
005 20211209000111.0
008 140216r1965 192ac b 001 0 eng d
035 _a(BD-RjUL)17222
035 _a(OCoLC)4310068
040 _aDLC
_cOkTahN
_dOkTahN
_dOCoLC
_dDLC
_dBD-RjUL
_beng
041 _aeng
082 0 0 _a809
_bMAS 1965
100 1 _aMacy, John Albert,
_d1877-1932.
_952939
245 1 4 _aThe story of the world's literature /
_cby John Macy; illustrated by Onorio Ruotolo.
260 _aNew York :
_bBoni & Liveright,
_cc1925 [Reprinted 1965]
300 _axxiv, 613 p. :
_billus., col. ports. (incl. front.) ;
_c25 cm.
504 _aBibliography: p. [563]-592 and Index
650 0 _aLiterature
_xHistory and criticism.
_952940
700 1 _aRuotolo, Onorio,
_eillus.
_952941
942 _2ddc
_cBK
999 _c17165
_d17165